[Event "BCF-chT4 2223 (4NCL)"]
[Site "England"]
[Date "2023.01.08"]
[Round "4.141"]
[White "Dray Pearce, Tristan"]
[Black "Wang, Xiling"]
[Result "1-0"]
[WhiteElo "1757"]
[BlackElo "1186"]
[PlyCount "55"]
[EventDate "2022.11.05"]
[EventType "team-swiss"]
[EventRounds "11"]
[EventCountry "ENG"]
[SourceTitle "EXT 2024"]
[Source "ChessBase"]
[SourceDate "2023.10.10"]
[SourceVersion "1"]
[SourceVersionDate "2023.10.10"]
[SourceQuality "1"]
[WhiteTeam "War and Piece II"]
[BlackTeam "Cambridge University II"]
[WhiteTeamCountry "ENG"]
[BlackTeamCountry "ENG"]

1. d4 d5 2. Nc3 Nf6 3. Bf4 Bf5 4. f3 e6 5. g4 Bg6 6. h4 h5 7. g5 Nfd7 8. e3 Bd6 9. Bxd6 cxd6 10. Bd3 Bh7 11. Bxh7 Rxh7 12. Qd3 g6 13. Nh3 Rg7 14. Nf4 Nb6 15. 0-0-0 Qd7 16. e4 Qc6 17. exd5 exd5 18. Rhe1+ Kd8 19. Qe3 Qd7 20. Nfxd5 Nxd5 21. Nxd5 Nc6 22. Nf6 Qe7 23. Qb3 b6 24. Rxe7 Kxe7 25. Re1+ Kf8 26. Qd5 Rd8 27. Qxc6 Rd7 28. Re8# 1-0

[Event "NATO-ch 31st"]
[Site "Blankenberge"]
[Date "2021.10.13"]
[Round "4.43"]
[White "Heran Boily, Samuel"]
[Black "Dray Pearce, Tristan"]
[Result "1-0"]
[WhiteElo "1844"]
[BlackElo "1656"]
[PlyCount "65"]
[EventDate "2021.10.11"]
[EventType "team-swiss"]
[EventRounds "7"]
[EventCountry "BEL"]
[SourceTitle "CBM 204 Extra"]
[Source "ChessBase"]
[SourceDate "2021.11.30"]
[SourceVersion "1"]
[SourceVersionDate "2021.11.30"]
[SourceQuality "1"]
[WhiteTeam "Canada"]
[BlackTeam "Great Britain"]
[WhiteTeamCountry "CAN"]
[BlackTeamCountry "GBR"]

1. e4 e6 2. d4 d5 3. Nd2 h6 4. c3 Nf6 5. e5 Nfd7 6. Bd3 c5 7. Ne2 Nc6 8. Nf3 c4 9. Bc2 Qc7 10. 0-0 g5 11. h3 Be7 12. Ng3 b5 13. a3 Bb7 14. Nh2 a5 15. Qh5 Qd8 16. f4 Qb6 17. fxg5 Ndxe5 18. Kh1 Nd3 19. Qxf7+ Kd7 20. Bxd3 cxd3 21. gxh6 Raf8 22. Qh5 Rfg8 23. Ng4 Qc7 24. Rf3 Rf8 25. Rxd3 Bd6 26. Ne2 Rf1+ 27. Ng1 Ne7 28. Rf3 Nf5 29. Qf7+ Be7 30. Ne5+ Kd8 31. Rxf1 Rf8 32. Rxf5 exf5 33. h7 1-0

[Event "NATO-ch 31st"]
[Site "Blankenberge"]
[Date "2021.10.12"]
[Round "2.46"]
[White "Van den Heuvel, Tonnie"]
[Black "Dray Pearce, Tristan"]
[Result "0-1"]
[WhiteElo "1841"]
[BlackElo "1656"]
[PlyCount "74"]
[EventDate "2021.10.11"]
[EventType "team-swiss"]
[EventRounds "7"]
[EventCountry "BEL"]
[SourceTitle "CBM 204 Extra"]
[Source "ChessBase"]
[SourceDate "2021.11.30"]
[SourceVersion "1"]
[SourceVersionDate "2021.11.30"]
[SourceQuality "1"]
[WhiteTeam "Netherlands"]
[BlackTeam "Great Britain"]
[WhiteTeamCountry "NED"]
[BlackTeamCountry "GBR"]

1. b3 d5 2. Bb2 Nc6 3. e3 e5 4. Bb5 Bd6 5. Nf3 f6 6. d4 e4 7. Nfd2 Nge7 8. c4 Bb4 9. 0-0 a6 10. cxd5 Qxd5 11. Bc4 Qf5 12. Qc2 b5 13. Be2 Bb7 14. Qxe4 Qd7 15. Qg4 f5 16. Qxg7 0-0-0 17. Nf3 Rhg8 18. Qh6 Rg6 19. Qh5 Rdg8 20. g3 Bd6 21. Rd1 Qe8 22. Ne5 Nxe5 23. dxe5 Qc6 24. f3 Bc5 25. Bd4 Bb4 26. Nd2 Rg5 27. Qh4 f4 28. exf4 Nf5 29. Qh3 Rxg3+ 30. hxg3 Rxg3+ 31. Qxg3 Nxg3 32. Kf2 Nf5 33. Be3 Nxe3 34. Kxe3 Qc3+ 35. Kf2 Qd4+ 36. Ke1 Bxd2+ 37. Kf1 Qxf4 0-1

[Event "BCF-chT4S 1718 (4NCL)"]
[Site "England"]
[Date "2018.03.24"]
[Round "7.135"]
[White "Dray Pearce, Tristan"]
[Black "Willmoth, Kate"]
[Result "1-0"]
[WhiteElo "1640"]
[BlackElo "1277"]
[PlyCount "61"]
[EventDate "2017.11.11"]
[EventType "team-swiss"]
[EventRounds "11"]
[EventCountry "ENG"]
[SourceTitle "EXT 2020"]
[Source "ChessBase"]
[SourceDate "2019.10.17"]
[SourceVersion "1"]
[SourceVersionDate "2019.10.17"]
[SourceQuality "1"]
[WhiteTeam "Brown Jack III"]
[BlackTeam "Barnet Knights III"]
[WhiteTeamCountry "ENG"]
[BlackTeamCountry "ENG"]

1. e4 e5 2. Nf3 Nc6 3. Bc4 Nf6 4. d3 Be7 5. c3 d5 6. exd5 Nxd5 7. 0-0 a6 8. Re1 Qd6 9. Nbd2 Bf5 10. Ne4 Bxe4 11. dxe4 Nb6 12. Qxd6 Bxd6 13. Bd5 0-0 14. Bxc6 bxc6 15. b3 Rfe8 16. c4 Nd7 17. Be3 Bc5 18. Bxc5 Nxc5 19. Rad1 f6 20. b4 Nb7 21. Rd7 Rec8 22. c5 a5 23. a3 axb4 24. axb4 Ra4 25. Rb1 Kf8 26. Nh4 Re8 27. f3 Rc8 28. Nf5 g6 29. Rxh7 gxf5 30. Rh8+ Ke7 31. Rxc8 1-0

[Event "BCF-chT4S 1718 (4NCL)"]
[Site "England"]
[Date "2017.11.12"]
[Round "2.205"]
[White "Ortiz Sanchez, Luis"]
[Black "Dray Pearce, Tristan"]
[Result "1/2-1/2"]
[WhiteElo "1868"]
[BlackElo "1640"]
[PlyCount "44"]
[EventDate "2017.11.11"]
[EventType "team-swiss"]
[EventRounds "11"]
[EventCountry "ENG"]
[SourceTitle "EXT 2020"]
[Source "ChessBase"]
[SourceDate "2019.10.17"]
[SourceVersion "1"]
[SourceVersionDate "2019.10.17"]
[SourceQuality "1"]
[WhiteTeam "Iceni II"]
[BlackTeam "Brown Jack III"]
[WhiteTeamCountry "ENG"]
[BlackTeamCountry "ENG"]

1. c4 Nf6 2. Nf3 g6 3. Nc3 Bg7 4. e4 d6 5. d4 0-0 6. Be2 e5 7. d5 Ne8 8. Bg5 Bf6 9. Bxf6 Qxf6 10. b4 a5 11. a3 b6 12. 0-0 Qg7 13. Nd2 f5 14. Nb3 f4 15. bxa5 g5 16. axb6 cxb6 17. Bg4 Nf6 18. h3 Bxg4 19. hxg4 h5 20. f3 hxg4 21. Kf2 g3+ 22. Ke2 Rc8 1/2-1/2